[Event "4NCL/Div3/E2E42 vs. GUEM"]
[Site "Hinckley Island ENG"]
[Date "2010.01.17"]
[Round "4.1"]
[White "Jones, Christopher M"]
[Black "Thurlow, Kevin J"]
[Result "1-0"]
[WhiteElo "1964"]
[BlackElo "2070"]
[PlyCount "50"]
[EventDate "2010.01.17"]
[SourceDate "2009.10.24"]

1. e4 c5 2. Nf3 e6 3. d4 cxd4 4. Nxd4 Nc6 5. Nc3 Qc7 6. Be3 Nf6 7. Be2 Be7 8.
O-O a6 9. f4 d6 10. Bf3 e5 11. Nb3 exf4 12. Bxf4 Ne5 13. Kh1 O-O 14. Nd4 b5 15.
a3 Rb8 16. Qe1 b4 17. Nd1 Qc4 18. Nf5 Bxf5 19. Ne3 Qc7 20. Nxf5 bxa3 21. Rxa3
Rxb2 22. Rc3 Qd7 23. Qg3 Ne8 24. Bg4 Nxg4 25. Qxg4 Bf6 1-0

[Event "4NCL/Div3/E2E42 vs. GUEM"]
[Site "Hinckley Island ENG"]
[Date "2010.01.17"]
[Round "4.2"]
[White "Rowe, Peter"]
[Black "Gibson, Christopher A"]
[Result "1/2-1/2"]
[WhiteElo "2039"]
[BlackElo "1970"]
[PlyCount "37"]
[EventDate "2010.01.17"]
[SourceDate "2009.10.24"]

1. d4 Nf6 2. Nf3 e6 3. Bf4 b6 4. e3 Bb7 5. Nbd2 c5 6. c3 Be7 7. Bd3 O-O 8. h3
Nc6 9. O-O Rc8 10. Qe2 cxd4 11. exd4 d6 12. Rfe1 Re8 13. Rad1 Nb8 14. g4 Nbd7
15. Bb1 Nf8 16. Bg3 Ng6 17. Nh4 Nf8 18. Nhf3 Ng6 19. Nh4 1/2-1/2

[Event "4NCL/Div3/E2E42 vs. GUEM"]
[Site "Hinckley Island ENG"]
[Date "2010.01.17"]
[Round "4.3"]
[White "Wilke, Chris"]
[Black "Wojciechawski, Paul"]
[Result "1/2-1/2"]
[WhiteElo "1933"]
[BlackElo "2101"]
[PlyCount "66"]
[EventDate "2010.01.17"]
[SourceDate "2009.10.24"]

1. d4 Nf6 2. c4 g6 3. g3 Bg7 4. Bg2 O-O 5. e4 d6 6. Ne2 e5 7. O-O Nc6 8. d5 Ne7
9. Nbc3 Ne8 10. Be3 f5 11. f3 Nf6 12. Qd2 Bd7 13. b4 a6 14. c5 Rf7 15. a4 Nc8
16. b5 dxc5 17. Bxc5 Nd6 18. Qd3 Bf8 19. Be3 Qe8 20. Rfb1 axb5 21. axb5 Rxa1
22. Rxa1 Nxb5 23. Rb1 Nxc3 24. Nxc3 b6 25. d6 Bxd6 26. Bxb6 fxe4 27. fxe4 Qe7
28. Be3 Bc5 29. Nd5 Nxd5 30. exd5 Bf5 31. Be4 Bxe3+ 32. Qxe3 Kg7 33. Re1 Bxe4
1/2-1/2

[Event "4NCL/Div3/E2E42 vs. GUEM"]
[Site "Hinckley Island ENG"]
[Date "2010.01.17"]
[Round "4.4"]
[White "Kirby, Peter J"]
[Black "Foster, James M"]
[Result "1/2-1/2"]
[WhiteElo "2067"]
[BlackElo "1876"]
[PlyCount "85"]
[EventDate "2010.01.17"]
[SourceDate "2009.10.24"]

1. e4 e6 2. d4 d5 3. Nd2 Nf6 4. e5 Nfd7 5. Bd3 c5 6. c3 Nc6 7. Ne2 Qb6 8. Nf3
cxd4 9. cxd4 f6 10. exf6 Nxf6 11. O-O Bd6 12. b3 O-O 13. Bf4 Bxf4 14. Nxf4 Ne4
15. Ne2 Nd6 16. Ng3 Nb5 17. Bxh7+ Kxh7 18. Ng5+ Kg6 19. Qh5+ Kf6 20. Nh7+ Ke7
21. Nxf8 Kxf8 22. Qh8+ Kf7 23. Nh5 Qxd4 24. Rad1 Qg4 25. Rd3 Ncd4 26. Re1 Qg6
27. Nf4 Qh6 28. Qxh6 gxh6 29. a4 Nc2 30. Rc1 Nbd4 31. Rc3 e5 32. Rc7+ Kg8 33.
R1xc2 Nxc2 34. Nxd5 Be6 35. Nf6+ Kf8 36. Rxc2 Bxb3 37. Rc7 Bxa4 38. Rxb7 a5 39.
Ng4 Bd1 40. Nxe5 a4 41. Nd7+ Ke8 42. Nf6+ Kf8 43. Nd7+ 1/2-1/2

[Event "4NCL/Div3/E2E42 vs. GUEM"]
[Site "Hinckley Island ENG"]
[Date "2010.01.17"]
[Round "4.5"]
[White "Jaszkiwskyj, Peter"]
[Black "Brookfield, Toby N"]
[Result "1-0"]
[WhiteElo "1941"]
[BlackElo "1779"]
[PlyCount "67"]
[EventDate "2010.01.17"]
[SourceDate "2009.10.24"]

1. d4 f5 2. c4 Nf6 3. Nc3 e6 4. Bg5 Bb4 5. Rc1 O-O 6. e3 Qe8 7. Bxf6 Rxf6 8. f4
d6 9. Nf3 Nd7 10. Be2 b6 11. O-O Bxc3 12. Rxc3 Bb7 13. b4 Rh6 14. Ng5 Nf6 15.
Bf3 Ne4 16. Rc1 Rd8 17. Qd3 Qg6 18. Bxe4 Bxe4 19. Nxe4 fxe4 20. Qa3 Qh5 21. h3
Rg6 22. Kh1 Qe2 23. Rg1 Rg3 24. Rce1 Qh5 25. Kh2 Qg6 26. Qxa7 Rd7 27. d5 e5 28.
fxe5 Rf7 29. Qb8+ Rf8 30. Qxc7 Rxh3+ 31. gxh3 Rf2+ 32. Kh1 Qh6 33. Qc8+ Rf8 34.
Qe6+ 1-0

[Event "4NCL/Div3/E2E42 vs. GUEM"]
[Site "Hinckley Island ENG"]
[Date "2010.01.17"]
[Round "4.6"]
[White "O'Connor, Jonathan T"]
[Black "Turvey, Steven"]
[Result "0-1"]
[WhiteElo "1675"]
[BlackElo "1856"]
[PlyCount "82"]
[EventDate "2010.01.17"]
[SourceDate "2009.10.24"]

1. e4 e5 2. d4 exd4 3. c3 dxc3 4. Bc4 d6 5. Nxc3 Nf6 6. Nge2 Nc6 7. a3 Be7 8.
O-O O-O 9. Ng3 a6 10. Be3 Be6 11. Bxe6 fxe6 12. f4 Kh8 13. Qf3 Qe8 14. Rad1 Rd8
15. Rd2 Qf7 16. Qd1 d5 17. Kh1 Nxe4 18. Ncxe4 dxe4 19. Nxe4 Qf5 20. Ng3 Rxd2
21. Qxd2 Qd5 22. Qe2 Rd8 23. f5 e5 24. Nh5 Qd3 25. Qf3 Nd4 26. Bxd4 Qxf3 27.
Rxf3 exd4 28. Nf4 c5 29. Ne6 Rd5 30. Rf1 Kg8 31. g4 Kf7 32. h3 c4 33. Rd1 d3
34. Nf4 Rb5 35. b3 Rxb3 36. Nd5 Bxa3 37. Ne3 b5 38. Kg2 Rb2+ 39. Kf3 Rh2 40.
Ra1 Bc5 41. Rxa6 Rxh3+ 0-1

[Event "4NCL/Div3/OXF2 vs. BRI2"]
[Site "Hinckley Island ENG"]
[Date "2010.01.17"]
[Round "4.1"]
[White "Stembridge, Ed"]
[Black "Humphreys, Jerry G"]
[Result "0-1"]
[WhiteElo "2066"]
[BlackElo "2082"]
[PlyCount "134"]
[EventDate "2010.01.17"]
[SourceDate "2009.10.24"]

1. e4 c5 2. Nf3 e6 3. d4 cxd4 4. Nxd4 Nf6 5. Nc3 d6 6. g3 Be7 7. Bg2 a6 8. O-O
Qc7 9. a4 Nc6 10. Nxc6 bxc6 11. a5 Bb7 12. e5 dxe5 13. Qe2 O-O 14. Re1 Nd7 15.
Qe4 Rab8 16. Qc4 c5 17. Ne4 Bc6 18. c3 Qb7 19. Bf1 Bb5 20. Qa2 Bxf1 21. Kxf1
Qd5 22. Kg1 h6 23. Nd2 Qxa2 24. Rxa2 Rfd8 25. Nc4 f6 26. Ra1 Rb7 27. f3 Nb8 28.
Be3 Nc6 29. Red1 Rbd7 30. Rxd7 Rxd7 31. Kf2 Kf7 32. Ke2 Kg6 33. Ra3 Rb7 34. Nb6
Nxa5 35. Rxa5 Rxb6 36. b4 Rc6 37. bxc5 Kf7 38. Kd3 Ke8 39. Kc4 Kd7 40. Ra1 Kc8
41. g4 Bd8 42. h4 Kb7 43. Rd1 Kc8 44. Rg1 Rc7 45. Rd1 Rc6 46. Rd2 Be7 47. Rb2
Bd8 48. Rg2 Rc7 49. g5 hxg5 50. hxg5 f5 51. g6 Rd7 52. Ra2 a5 53. Rh2 f4 54.
Bc1 Rd1 55. Ba3 Ra1 56. Bb2 Rg1 57. Kb5 Rxg6 58. Rh8 Rg2 59. Ba3 Ra2 60. Ka4
Kc7 61. Rg8 Bf6 62. Ra8 e4 63. Ra7+ Kb8 64. Rxa5 exf3 65. Rb5+ Kc7 66. Rb1 f2
67. Kb3 Re2 0-1

[Event "4NCL/Div3/OXF2 vs. BRI2"]
[Site "Hinckley Island ENG"]
[Date "2010.01.17"]
[Round "4.2"]
[White "Ponter, Ian P"]
[Black "Jackson, Gary C"]
[Result "1-0"]
[WhiteElo "2046"]
[BlackElo "2034"]
[PlyCount "99"]
[EventDate "2010.01.17"]
[SourceDate "2009.10.24"]

1. e4 c5 2. c3 Nf6 3. e5 Nd5 4. d4 cxd4 5. cxd4 Nc6 6. Nf3 e6 7. Nc3 Bb4 8. Bd2
Nce7 9. Bd3 a6 10. O-O Rb8 11. Ng5 h6 12. Nge4 O-O 13. Qg4 Kh8 14. Qh5 Bxc3 15.
bxc3 Ng6 16. Nd6 Nde7 17. h4 Kg8 18. Qg4 Nf5 19. Bxf5 exf5 20. Nxf5 d6 21. h5
Bxf5 22. Qxf5 Ne7 23. Qg4 Kh8 24. exd6 Nd5 25. Qg3 Nf6 26. Qf3 Qa5 27. Rfd1 Qb6
28. Bxh6 Nd7 29. Bf4 Qa5 30. c4 Rbe8 31. c5 Nf6 32. Be5 Nd7 33. Bxg7+ Kxg7 34.
Qg4+ Kf6 35. Qxd7 Re2 36. Qxb7 Qc3 37. Qf3+ Qxf3 38. gxf3 Rh8 39. Kf1 Rb2 40.
d7 Ke7 41. Re1+ Kd8 42. Re8+ Rxe8 43. dxe8=Q+ Kxe8 44. Re1+ Kd7 45. h6 Rb8 46.
Re4 Rh8 47. Rh4 Kc6 48. h7 a5 49. Rh6+ Kc7 50. d5 1-0

[Event "4NCL/Div3/OXF2 vs. BRI2"]
[Site "Hinckley Island ENG"]
[Date "2010.01.17"]
[Round "4.3"]
[White "Scott, David A"]
[Black "Schofield, Oliver"]
[Result "0-1"]
[WhiteElo "2058"]
[BlackElo "1962"]
[PlyCount "82"]
[EventDate "2010.01.17"]
[SourceDate "2009.10.24"]

1. d4 Nf6 2. c4 Nc6 3. Nf3 e6 4. a3 g6 5. Nc3 Bg7 6. Bg5 h6 7. Bh4 d6 8. e3 g5
9. Bg3 O-O 10. Bd3 Nh5 11. Nd2 Nxg3 12. hxg3 f5 13. g4 f4 14. Bb1 fxe3 15. fxe3
Rf7 16. Qc2 Kf8 17. Rf1 Rxf1+ 18. Nxf1 e5 19. d5 Ne7 20. Qf2+ Kg8 21. Bf5 a6
22. Ng3 b5 23. cxb5 axb5 24. O-O-O Qe8 25. Rf1 b4 26. axb4 Ba6 27. Be6+ Kh8 28.
Rd1 Bc4 29. Kc2 Nc6 30. Nge4 Nxb4+ 31. Kd2 Qf8 32. Qf5 Bd3 33. Rh1 Ra5 34. Qxg5
Ra1 35. Rh3 Rg1 36. Bf5 Rxg2+ 37. Kc1 Bc2 38. Nf6 Bxf5 39. Qxf5 Qxf6 40. Qc8+
Kh7 41. Rh1 Nd3+ 0-1

[Event "4NCL/Div3/OXF2 vs. BRI2"]
[Site "Hinckley Island ENG"]
[Date "2010.01.17"]
[Round "4.4"]
[White "Stewart, Joseph"]
[Black "Rawlinson, Christopher JA"]
[Result "1/2-1/2"]
[WhiteElo "1994"]
[BlackElo "2048"]
[PlyCount "44"]
[EventDate "2010.01.17"]
[SourceDate "2009.10.24"]

1. e4 e6 2. d4 d5 3. exd5 exd5 4. Bd3 c5 5. dxc5 Bxc5 6. Nf3 Nf6 7. Qe2+ Be6 8.
Be3 Bxe3 9. Qxe3 O-O 10. O-O Nc6 11. Nbd2 Qd6 12. Nb3 Rac8 13. c3 Rfe8 14. Qg5
Bg4 15. Nbd4 Bxf3 16. Nxf3 Ne5 17. Nxe5 Rxe5 18. Qg3 Qe6 19. Rad1 Ne4 20. Bxe4
dxe4 21. Rfe1 h6 22. a3 b6 1/2-1/2

[Event "4NCL/Div3/OXF2 vs. BRI2"]
[Site "Hinckley Island ENG"]
[Date "2010.01.17"]
[Round "4.5"]
[White "Ludbrook, Matthew"]
[Black "Hardy, Roger"]
[Result "1/2-1/2"]
[WhiteElo "2011"]
[BlackElo "1999"]
[PlyCount "102"]
[EventDate "2010.01.17"]
[SourceDate "2009.10.24"]

1. e4 c6 2. d4 d5 3. e5 Bf5 4. Nf3 e6 5. Be2 Nd7 6. O-O Ne7 7. Nbd2 h6 8. Ne1
c5 9. c3 Nc6 10. Nb3 cxd4 11. cxd4 Be7 12. Be3 O-O 13. Rc1 Rc8 14. g4 Bh7 15.
f4 Qb6 16. Nd3 Nb4 17. Ndc5 Nxc5 18. dxc5 Qd8 19. a3 Nc6 20. Nd4 Nxd4 21. Qxd4
Be4 22. b4 f5 23. h3 g5 24. Kh2 Kh8 25. gxf5 Bxf5 26. Rc3 Qe8 27. Rg1 Rg8 28.
Bd2 Qf7 29. Rcg3 gxf4 30. Bxf4 Kh7 31. Qe3 Rxg3 32. Rxg3 Bh4 33. Rg1 Be4 34.
Rg4 Rg8 35. Bxh6 Qf2+ 36. Qxf2 Bxf2 37. Rxg8 Kxg8 38. a4 a6 39. Bg5 Be1 40. b5
axb5 41. axb5 d4 42. Bd1 Kf7 43. Ba4 d3 44. c6 bxc6 45. bxc6 Ba5 46. Kg3 d2 47.
Bxd2 Bxd2 48. c7 Bb7 49. Bd7 Bc3 50. Kf4 Bd2+ 51. Kg4 Bc3 1/2-1/2

[Event "4NCL/Div3/OXF2 vs. BRI2"]
[Site "Hinckley Island ENG"]
[Date "2010.01.17"]
[Round "4.6"]
[White "Bromilow, Edward T"]
[Black "Neatherway, A Philip"]
[Result "1/2-1/2"]
[WhiteElo "1922"]
[BlackElo "1922"]
[PlyCount "43"]
[EventDate "2010.01.17"]
[SourceDate "2009.10.24"]

1. d4 d5 2. Nf3 Nf6 3. e3 g6 4. b4 Bg7 5. c3 O-O 6. a4 Nbd7 7. Bd3 Re8 8. Ne5
Nxe5 9. dxe5 Ng4 10. f4 f6 11. h3 Nh6 12. exf6 exf6 13. O-O Bf5 14. Ra2 Bxd3
15. Qxd3 c6 16. c4 dxc4 17. Qxc4+ Nf7 18. Rd2 Qe7 19. Rd3 Rad8 20. Rfd1 Rxd3
21. Rxd3 Rd8 22. Ba3 1/2-1/2

[Event "4NCL/Div3/SSC vs. KJCAN"]
[Site "Hinckley Island ENG"]
[Date "2010.01.17"]
[Round "4.1"]
[White "Oates, David R"]
[Black "Clanchy, Nicholas"]
[Result "1-0"]
[WhiteElo "2159"]
[BlackElo "1858"]
[PlyCount "65"]
[EventDate "2010.01.17"]
[SourceDate "2009.10.24"]

1. e4 c5 2. c3 Nf6 3. e5 Nd5 4. d4 e6 5. Nf3 Nc6 6. a3 d6 7. Bd3 cxd4 8. cxd4
Qc7 9. O-O dxe5 10. dxe5 Be7 11. Re1 Bd7 12. Be4 Nb6 13. Nc3 a6 14. Qc2 h6 15.
Ne2 Rc8 16. Be3 O-O 17. Rac1 Nd5 18. Bxd5 exd5 19. Ned4 Rfd8 20. e6 Bxe6 21.
Nxe6 fxe6 22. Bxh6 Bf6 23. Bg5 Qe7 24. h4 Re8 25. Qd2 Rcd8 26. Ne5 Bxg5 27.
hxg5 Nxe5 28. Rxe5 Qd6 29. Rce1 Rd7 30. g6 Qb6 31. Qe2 Rd6 32. Qh5 Qxb2 33. Rf5
1-0

[Event "4NCL/Div3/SSC vs. KJCAN"]
[Site "Hinckley Island ENG"]
[Date "2010.01.17"]
[Round "4.2"]
[White "Murphy, Conor"]
[Black "Grant, David J"]
[Result "0-1"]
[WhiteElo "1794"]
[BlackElo "2020"]
[PlyCount "116"]
[EventDate "2010.01.17"]
[SourceDate "2009.10.24"]

1. e4 c5 2. Nf3 d6 3. d4 cxd4 4. Nxd4 Nf6 5. Nc3 Nc6 6. Bc4 e6 7. Bb3 a6 8. Be3
Qc7 9. Qe2 b5 10. O-O-O Bd7 11. f3 b4 12. Na4 Nxd4 13. Bxd4 Bb5 14. Qe1 a5 15.
Nb6 Rb8 16. Ba4 Rxb6 17. Bxb6 Qxb6 18. Bxb5+ Qxb5 19. Qf1 Qc6 20. Qf2 Qb7 21.
g4 Be7 22. h4 Nd7 23. Qd4 O-O 24. f4 Nf6 25. Rde1 Nxg4 26. h5 Bf6 27. Qg1 Nh6
28. e5 Be7 29. Rh2 Rd8 30. Rg2 Bf8 31. Rd1 d5 32. Qf2 Qe7 33. Rdg1 f5 34. Qb6
a4 35. Qa5 a3 36. b3 Ng4 37. Re2 Rc8 38. Rgg2 h6 39. Qa6 Qd7 40. Rd2 Rc6 41.
Qd3 Rc3 42. Qa6 Rc6 43. Qd3 Qc7 44. Rde2 Rc3 45. Qb5 Rh3 46. Re1 Qc3 47. Rge2
Qb2+ 48. Kd2 Rc3 49. Rc1 Rc7 50. Qb6 Qc3+ 51. Kd1 Rc6 52. Qd8 Ne3+ 53. Rxe3
Qxe3 54. Qe8 Qd4+ 55. Ke2 Qc5 56. Qg6 d4 57. Rg1 Qxc2+ 58. Kf3 Rc3# 0-1

[Event "4NCL/Div3/SSC vs. KJCAN"]
[Site "Hinckley Island ENG"]
[Date "2010.01.17"]
[Round "4.3"]
[White "Jones, Chris"]
[Black "Kalid, Raphael"]
[Result "1-0"]
[WhiteElo "2070"]
[BlackElo "1786"]
[PlyCount "73"]
[EventDate "2010.01.17"]
[SourceDate "2009.10.24"]

1. e4 e5 2. Bc4 Nf6 3. d4 exd4 4. Nf3 Nc6 5. e5 d5 6. Bb5 Ne4 7. Nxd4 Bc5 8.
Nxc6 Bxf2+ 9. Kf1 Qh4 10. Qxd5 O-O 11. Ne7+ Kh8 12. Bd3 Be1 13. g3 Bxg3 14.
Qxe4 Bh3+ 15. Ke2 Qh5+ 16. Kd2 Bh4 17. Nf5 Bg5+ 18. Kc3 Bxc1 19. Rxc1 Rad8 20.
Ng3 Qh6 21. Na3 c6 22. Nf5 Bxf5 23. Qxf5 b5 24. b3 b4+ 25. Kxb4 Qd2+ 26. Kc4 g6
27. Qf6+ Kg8 28. Rd1 Qa5 29. Nb1 c5 30. c3 Rd4+ 31. cxd4 Qb4+ 32. Kd5 Qxd4+ 33.
Kc6 Qxa1 34. Bc4 Qb2 35. Bxf7+ Rxf7 36. Rd8+ Rf8 37. Qxf8# 1-0

[Event "4NCL/Div3/SSC vs. KJCAN"]
[Site "Hinckley Island ENG"]
[Date "2010.01.17"]
[Round "4.4"]
[White "Reddiar, Gautham"]
[Black "Michaud, Gerald"]
[Result "0-1"]
[WhiteElo "1746"]
[BlackElo "2066"]
[PlyCount "84"]
[EventDate "2010.01.17"]
[SourceDate "2009.10.24"]

1. e4 e6 2. d4 d5 3. e5 c5 4. c3 Nc6 5. Nf3 Qb6 6. Be2 Bd7 7. O-O Nh6 8. Bxh6
gxh6 9. Qd2 c4 10. Qc2 Be7 11. Nbd2 Qd8 12. Rfe1 O-O 13. Nf1 f5 14. Qd2 f4 15.
h3 Be8 16. N1h2 h5 17. Bd1 Bg6 18. Kh1 Kh8 19. Bc2 Qe8 20. Re2 Qf7 21. Ne1 Rg8
22. Nhf3 h4 23. Qd1 Bh5 24. Rd2 Qg7 25. Qe2 b5 26. Qf1 Rab8 27. Rb1 b4 28. Rdd1
a5 29. Rdc1 Na7 30. Nd2 Nb5 31. Ba4 Bg6 32. Bc2 bxc3 33. bxc3 Ba3 34. Bxg6 Bxc1
35. Bxh7 Qxh7 36. Rxc1 Na3 37. Ndf3 Rb2 38. Ra1 Rgb8 39. Kh2 Nc2 40. Nxc2 Qxc2
41. Qe1 Rb1 42. Rxb1 Rxb1 0-1

[Event "4NCL/Div3/SSC vs. KJCAN"]
[Site "Hinckley Island ENG"]
[Date "2010.01.17"]
[Round "4.5"]
[White "Payne, Matthew J"]
[Black "Davis, Alexei"]
[Result "1-0"]
[WhiteElo "1871"]
[BlackElo "1730"]
[PlyCount "73"]
[EventDate "2010.01.17"]
[SourceDate "2009.10.24"]

1. e4 e6 2. d4 d5 3. Nc3 Bb4 4. e5 b6 5. Qg4 Bf8 6. Bg5 Qd7 7. f4 Ne7 8. Bxe7
Qxe7 9. Nxd5 Qd7 10. Ne3 Qxd4 11. Qf3 c6 12. c3 Qc5 13. O-O-O b5 14. Nc2 Be7
15. Nd4 a6 16. Nge2 Bb7 17. Qg4 O-O 18. Ng3 f5 19. exf6 Rxf6 20. Ne4 Rg6 21.
Nxc5 Rxg4 22. Nxb7 Rxf4 23. Nxe6 Rf5 24. Bd3 Rf6 25. Nbc5 Nd7 26. Bxh7+ Kxh7
27. Rxd7 Re8 28. Re1 Bxc5 29. Ng5+ Kg6 30. Rxe8 Kxg5 31. Re5+ Rf5 32. h4+ Kf6
33. Rxf5+ Kxf5 34. Rxg7 Kf6 35. Rc7 Bf2 36. Rxc6+ Ke5 37. h5 1-0

[Event "4NCL/Div3/SSC vs. KJCAN"]
[Site "Hinckley Island ENG"]
[Date "2010.01.17"]
[Round "4.6"]
[White "Paul, Barnaby J"]
[Black "Burch, Jonathan G"]
[Result "1-0"]
[WhiteElo "1610"]
[BlackElo "1770"]
[PlyCount "95"]
[EventDate "2010.01.17"]
[SourceDate "2009.10.24"]

1. c4 Nf6 2. Nc3 g6 3. g3 Bg7 4. Bg2 c5 5. e3 d6 6. Nge2 O-O 7. O-O Qc7 8. Nf4
e6 9. Nb5 Qb6 10. d4 e5 11. dxe5 dxe5 12. Nd5 Nxd5 13. Bxd5 Rd8 14. a4 Nc6 15.
Bd2 Ne7 16. a5 Qf6 17. Bg2 Nf5 18. a6 Rd7 19. Qc2 Nd6 20. Rfd1 Nxb5 21. cxb5
Qe7 22. Rac1 Rb8 23. axb7 Bxb7 24. Qxc5 Bxg2 25. Kxg2 Qxc5 26. Rxc5 Rdb7 27.
Bb4 Bf8 28. Rc4 Bxb4 29. Rxb4 Rxb5 30. Rd8+ Rxd8 31. Rxb5 f6 32. Rb7 Rd2 33. b4
Rb2 34. b5 Ra2 35. Rb8+ Kg7 36. Ra8 Ra5 37. Kf3 Rxb5 38. Rxa7+ Kh6 39. g4 Rb4
40. h4 Rb6 41. Kg3 Re6 42. f4 exf4+ 43. exf4 Re3+ 44. Kg2 Re6 45. Kf3 Re1 46.
g5+ fxg5 47. fxg5+ Kh5 48. Rxh7# 1-0

[Event "4NCL/Div3/CELT2 vs. E2E43"]
[Site "Hinckley Island ENG"]
[Date "2010.01.17"]
[Round "4.1"]
[White "Thomas, Mark"]
[Black "Farrall, David J"]
[Result "1-0"]
[WhiteElo "2049"]
[BlackElo "1852"]
[PlyCount "53"]
[EventDate "2010.01.17"]
[SourceDate "2009.10.24"]

1. e4 c6 2. d4 d5 3. exd5 cxd5 4. Bd3 Nf6 5. c3 Bg4 6. Ne2 e6 7. Qb3 Qd7 8. Bf4
Nc6 9. Nd2 Be7 10. Ng3 O-O 11. O-O Rac8 12. Rae1 Na5 13. Qc2 Nc4 14. f3 Bh5 15.
Nxh5 Nxh5 16. Bg3 Nxg3 17. hxg3 Nxd2 18. Qxd2 b5 19. Kf2 h6 20. Rh1 Bg5 21. f4
Be7 22. g4 f5 23. gxf5 exf5 24. Qe2 Rfe8 25. Qc2 Rf8 26. Re5 g6 27. Qb3 1-0

[Event "4NCL/Div3/CELT2 vs. E2E43"]
[Site "Hinckley Island ENG"]
[Date "2010.01.17"]
[Round "4.2"]
[White "Mapletoft, Alexander J"]
[Black "Evans, Craig"]
[Result "0-1"]
[WhiteElo "1862"]
[BlackElo "2029"]
[PlyCount "110"]
[EventDate "2010.01.17"]
[SourceDate "2009.10.24"]

1. e4 Nf6 2. e5 Nd5 3. c4 Nb6 4. d4 d6 5. f4 dxe5 6. fxe5 c5 7. d5 g6 8. Nf3
Bg7 9. Bf4 Bg4 10. h3 Bxf3 11. Qxf3 O-O 12. Bd3 e6 13. Nc3 exd5 14. Nxd5 N8d7
15. O-O Nxd5 16. Qxd5 Nxe5 17. Bxe5 Qxd5 18. cxd5 Bxe5 19. Rab1 Rad8 20. Be4
Rfe8 21. Bf3 Rd6 22. Rfc1 Rb6 23. Kf1 Bd4 24. b3 Rd8 25. Re1 Kf8 26. Re2 c4 27.
Rd1 cxb3 28. Rxd4 b2 29. Be4 b1=Q+ 30. Bxb1 Rxb1+ 31. Kf2 Rb6 32. a4 Rf6+ 33.
Ke1 Re8 34. Ree4 Rd6 35. Rxe8+ Kxe8 36. Kd2 Ke7 37. Kd3 Rf6 38. Ke3 Kd6 39. g3
Rf5 40. Ke4 Re5+ 41. Kf3 Rxd5 42. Rc4 Kd7 43. h4 f5 44. g4 b5 45. axb5 Rxb5 46.
g5 a5 47. Kg3 Rb3+ 48. Kf2 Rb4 49. Rc5 a4 50. Kg3 a3 51. Rc1 a2 52. Ra1 Rb2 53.
Kf4 Ke6 54. Ke3 Ke5 55. Kd3 Kf4 0-1

[Event "4NCL/Div3/CELT2 vs. E2E43"]
[Site "Hinckley Island ENG"]
[Date "2010.01.17"]
[Round "4.3"]
[White "Fathallah, Joe"]
[Black "Van Der Westhuizen, Charles V"]
[Result "0-1"]
[WhiteElo "1951"]
[BlackElo "1824"]
[PlyCount "56"]
[EventDate "2010.01.17"]
[SourceDate "2009.10.24"]

1. d4 d5 2. c4 c6 3. Nc3 Nf6 4. Nf3 e6 5. e3 Nbd7 6. Qc2 Be7 7. g4 dxc4 8. Bxc4
b5 9. Bd3 b4 10. Ne4 Bb7 11. g5 Nd5 12. Rg1 Rc8 13. Nc5 Nxc5 14. dxc5 Qa5 15.
Qb3 Bxc5 16. Bd2 Qb6 17. Ne5 Qc7 18. O-O-O Qxe5 19. f4 Qc7 20. Rg3 Bd6 21. Kb1
c5 22. Rc1 a5 23. Rh3 g6 24. f5 exf5 25. Bc4 Nb6 26. Bb5+ Bc6 27. Bd3 c4 28.
Bxc4 Nxc4 0-1

[Event "4NCL/Div3/CELT2 vs. E2E43"]
[Site "Hinckley Island ENG"]
[Date "2010.01.17"]
[Round "4.4"]
[White "Homer, Neil S"]
[Black "Kitchen, Peter J"]
[Result "0-1"]
[WhiteElo "1754"]
[BlackElo "1930"]
[PlyCount "132"]
[EventDate "2010.01.17"]
[SourceDate "2009.10.24"]

1. Nf3 d5 2. d4 Nf6 3. c4 e6 4. Nc3 Be7 5. Bg5 h6 6. Bxf6 Bxf6 7. e3 O-O 8. Bd3
dxc4 9. Bxc4 b6 10. O-O Bb7 11. Be2 Nd7 12. Rc1 c5 13. dxc5 Nxc5 14. b4 Na6 15.
Qa4 Qe8 16. Bb5 Qc8 17. Ne4 Nc7 18. Nxf6+ gxf6 19. Bc6 Bxc6 20. Rxc6 Qe8 21. b5
Nd5 22. Rfc1 Qe7 23. Qg4+ Kh7 24. Nd4 Rg8 25. Qf3 Rg6 26. e4 Rag8 27. exd5
Rxg2+ 28. Qxg2 Rxg2+ 29. Kxg2 exd5 30. Nf3 Kg7 31. Rc7 Qe4 32. h3 Qg6+ 33. Kh2
Qf5 34. Rg1+ Kf8 35. Rxa7 Qxf3 36. Ra8+ Ke7 37. Re1+ Kd6 38. Rd8+ Kc7 39. Rde8
Qxf2+ 40. Kh1 Qf3+ 41. Kg1 Qg3+ 42. Kf1 Qxh3+ 43. Kf2 Qh2+ 44. Kf3 Qxa2 45.
Rc1+ Kd7 46. Rec8 Qb3+ 47. Kf4 Qxb5 48. Kf5 d4+ 49. Kxf6 d3 50. R8c7+ Kd6 51.
Rc8 Qb2+ 52. Kxf7 d2 53. Rd8+ Ke5 54. Re8+ Kd4 55. Rd8+ Ke3 56. Rh1 Qc1 57.
Rh3+ Ke2 58. Rh2+ Kd1 59. Rh1+ Kc2 60. Rh2 Qf1+ 61. Ke8 Qe1+ 62. Kf7 Kc1 63.
Rc8+ Kb1 64. Rxh6 Qf2+ 65. Rf6 Qxf6+ 66. Kxf6 d1=Q 0-1

[Event "4NCL/Div3/CELT2 vs. E2E43"]
[Site "Hinckley Island ENG"]
[Date "2010.01.17"]
[Round "4.5"]
[White "Ryan, John"]
[Black "Foster, Chantelle L"]
[Result "1/2-1/2"]
[WhiteElo "1920"]
[BlackElo "1682"]
[PlyCount "144"]
[EventDate "2010.01.17"]
[SourceDate "2009.10.24"]

1. e4 c5 2. Nf3 d6 3. d4 cxd4 4. Nxd4 Nf6 5. Nc3 g6 6. Be3 Bg7 7. Be2 O-O 8.
Qd2 Nc6 9. f3 d5 10. Nxc6 bxc6 11. Rd1 Bb7 12. e5 Nd7 13. f4 Nb6 14. b3 Rc8 15.
Bc5 Re8 16. O-O e6 17. Qe3 Bf8 18. Ne4 Bxc5 19. Qxc5 Qe7 20. Nf6+ Kh8 21. Qf2
Qf8 22. Nxe8 Qxe8 23. a4 c5 24. Qh4 d4 25. Bf3 Nd5 26. Bxd5 Bxd5 27. Rd3 Qd8
28. Qh6 Qf8 29. Qxf8+ Rxf8 30. Rd2 Kg7 31. Kf2 Rd8 32. Re1 f6 33. exf6+ Kxf6
34. g3 Re8 35. Rde2 c4 36. bxc4 Bxc4 37. Re4 Rd8 38. Rd1 Bd5 39. Rexd4 Rc8 40.
c4 Rxc4 41. Rxc4 Bxc4 42. Rd7 a6 43. Rxh7 Kf5 44. Rf7+ Kg4 45. Rh7 Kf5 46. Rc7
Bb3 47. Ra7 Bxa4 48. Rxa6 Bb3 49. Ra5+ Bd5 50. h4 Kg4 51. Ra7 Be4 52. Rf7 Bf5
53. Rxf5 exf5 54. Kg2 Kh5 55. Kh3 Kh6 56. g4 fxg4+ 57. Kxg4 Kg7 58. h5 gxh5+
59. Kxh5 Kf6 60. Kg4 Kg6 61. f5+ Kf6 62. Kf4 Kf7 63. Kg5 Kg7 64. f6+ Kf7 65.
Kf5 Kf8 66. Kg6 Kg8 67. Kf5 Kf7 68. Ke5 Kf8 69. Ke6 Ke8 70. Kf5 Kf7 71. Kg5 Kf8
72. Kg6 Kg8 1/2-1/2

[Event "4NCL/Div3/CELT2 vs. E2E43"]
[Site "Hinckley Island ENG"]
[Date "2010.01.17"]
[Round "4.6"]
[White "Dean, Michael"]
[Black "Buttell, David"]
[Result "0-1"]
[WhiteElo "1730"]
[BlackElo "1761"]
[PlyCount "84"]
[EventDate "2010.01.17"]
[SourceDate "2009.10.24"]

1. e4 c5 2. Nf3 d6 3. d4 cxd4 4. Nxd4 Nf6 5. Nc3 g6 6. g3 Nc6 7. Be3 Bg7 8. Bg2
Nxd4 9. Bxd4 O-O 10. h3 e5 11. Be3 a6 12. O-O Be6 13. g4 Qe7 14. f4 Rfd8 15.
fxe5 dxe5 16. Qf3 Ne8 17. Rad1 f6 18. Qf2 Rac8 19. Bb6 Rxd1 20. Rxd1 Bf8 21.
Qd2 Qb4 22. Bd8 Qd4+ 23. Qxd4 exd4 24. Bxf6 Nxf6 25. Ne2 Rxc2 26. Nxd4 Bc5 27.
Kh1 Bxd4 28. Rxd4 Rxb2 29. a4 a5 30. g5 Nd7 31. Rd6 Kf7 32. Rd1 Ke7 33. Rc1 Rb4
34. Rc7 Kd8 35. Rc1 Rxa4 36. e5 Rc4 37. Rxc4 Bxc4 38. Bxb7 Nxe5 39. Kh2 a4 40.
Be4 Nd3 41. h4 a3 42. h5 a2 0-1

[Event "4NCL/Div3/BAB vs. OXF3"]
[Site "Hinckley Island ENG"]
[Date "2010.01.17"]
[Round "4.1"]
[White "McCullough, Simon L"]
[Black "Vikanis, Georgs"]
[Result "0-1"]
[WhiteElo "1986"]
[BlackElo "1978"]
[PlyCount "48"]
[EventDate "2010.01.17"]
[SourceDate "2009.10.24"]

1. e4 Nf6 2. e5 Nd5 3. Nf3 d6 4. d4 Bg4 5. Be2 Nc6 6. O-O e6 7. c4 Nb6 8. exd6
cxd6 9. d5 exd5 10. cxd5 Bxf3 11. Bxf3 Ne5 12. Nc3 Be7 13. Be4 O-O 14. f4 Ng6
15. Qh5 Nd7 16. Qh3 Nf6 17. Be3 Nxe4 18. Nxe4 Re8 19. f5 Ne5 20. f6 Bxf6 21.
Rxf6 gxf6 22. Rf1 Nd7 23. Bh6 Kh8 24. Nxd6 Qb6+ 0-1